书目信息 |
| 题名: |
汽车4S店管理全程指导
|
|
| 作者: | 刘军 编 | |
| 分册: | ||
| 出版信息: | 北京 化学工业出版社 2011 |
|
| 页数: | 273页 | |
| 开本: | 26cm | |
| 丛书名: | ||
| 单 册: | ||
| 中图分类: | F717.5 | |
| 科图分类: | ||
| 主题词: | 汽车--专业商店--商业经营--基本知识 , 汽车 , 专业商店 , 商业经营 | |
| 电子资源: | ||
| ISBN: | 978-7-122-12092-2 | |
| 000 | 01017nam0 2200277 450 | |
| 001 | 012015000220 | |
| 005 | 20150914151140.40 | |
| 010 | @a978-7-122-12092-2@dCNY58.00 | |
| 100 | @a20111124d2011 em y0chiy50 ea | |
| 101 | 0 | @achi |
| 102 | @aCN@b110000 | |
| 105 | @aa z 000yy | |
| 106 | @ar | |
| 200 | 1 | @a汽车4S店管理全程指导@Aqi che 4S dian guan li quan cheng zhi dao@dSale sparepart service survey@f刘军等编@zeng |
| 210 | @a北京@c化学工业出版社@d2011 | |
| 215 | @a273页@c图@d26cm | |
| 330 | @a本书阐述了汽车4S店的系统架构与岗位涉及,然后分业务模块对其业务范围、动作流程、管理工具一一解读,涵盖了汽车4S店的管理系统构架、4S店的市场推广、4S店的汽车销售管理、售后服务管理、配件管理、客户管理、员工管理等各个方面。 | |
| 510 | 1 | @aSale sparepart service survey@zeng |
| 606 | 0 | @a汽车@x专业商店@x商业经营@x基本知识 |
| 606 | 0 | @a汽车 |
| 606 | 0 | @a专业商店 |
| 606 | 0 | @a商业经营 |
| 690 | @aF717.5@v5 | |
| 701 | 0 | @a刘军@Aliu jun@4编 |
| 801 | 0 | @aCN@b碧洲教育@c20150716 |
| 905 | @a10447@f4@dF717.5@e785 | |
| 汽车4S店管理全程指导=Sale sparepart service survey/刘军等编.-北京:化学工业出版社,2011 |
| 273页:图;26cm |
| ISBN 978-7-122-12092-2:CNY58.00 |
| 本书阐述了汽车4S店的系统架构与岗位涉及,然后分业务模块对其业务范围、动作流程、管理工具一一解读,涵盖了汽车4S店的管理系统构架、4S店的市场推广、4S店的汽车销售管理、售后服务管理、配件管理、客户管理、员工管理等各个方面。 |
| ● |
| 相关链接 |
|
|
|
|
正题名:汽车4S店管理全程指导
索取号:F717.5/785
 
预约/预借
| 序号 | 登录号 | 条形码 | 馆藏地/架位号 | 状态 | 备注 |
| 1 | 0870205 | 208702055 | 第一样本阅览室/ [索取号:F717.5/785] | 在馆 | |
| 2 | 0870206 | 208702064 | 第一借阅区/ [索取号:F717.5/785] | 在馆 | |
| 3 | 0870207 | 208702073 | 第一借阅区/ [索取号:F717.5/785] | 在馆 | |
| 4 | 0870208 | 208702082 | 第一借阅区/ [索取号:F717.5/785] | 在馆 |